Estadísticas para 15 principales países con muertes de Covid-19 - 6 septiembre

Haz click aquí para intentar la prueba.

Estadísticas generales

  • Esta prueba ha sido intentada 6 veces
  • La puntuación promedio es 16 de 19

Estadísticas de respuestas

país% Correcto
Brasil
100%
Chile
100%
Colombia
100%
España
100%
Estados Unidos
100%
Francia
100%
Italia
100%
México
100%
Perú
100%
Ecuador
83%
India
83%
Sudáfrica
83%
Suecia
83%
Bélgica
67%
Bolivia
67%
Irán
67%
Panamá
67%
Reino Unido
67%
Rusia
67%

Distribución de puntuación

Porcentaje por número respondido

Porcentaje de gente con cada puntuación

Historial de tus puntuaciones

No has intentado esta prueba.